| 000 | 00466nam a22001577a 4500 | ||
|---|---|---|---|
| 999 |
_c530167 _d530167 |
||
| 003 | NUST | ||
| 005 | 20191011155248.0 | ||
| 008 | 191011b ||||| |||| 00| 0 eng d | ||
| 038 | _aNusrat Nadeem | ||
| 082 | _a004.12 AHS | ||
| 100 |
_a Ahsan Muhammad _918993 |
||
| 245 |
_aMS/Thesis:PanCGP: Pangenome and Comparative Genome analysis Pipeline _cMuhammad Ahsan |
||
| 260 |
_aIslamabad _bRCMS NUST _c2016 |
||
| 700 | _4Dr. Jamil Ahmad (Supervisor) | ||
| 942 |
_2ddc _cTHE |
||